000 00250nam a2200097Ia 4500
008 230915s9999 xx 000 0 und d
050 _aQD 79 .I5 S556 1995
100 _aDOUGLAS A. SKOOG
245 0 _aPRINCIPLES OF INSTRUMENTAL ANALYSIS
942 _cBK
999 _c190288
_d190288